| 000 | 00787nam a22001337a 4500 | ||
|---|---|---|---|
| 040 | _cRUA | ||
| 082 | _aAVM HON 2012 B108 Or.1 | ||
| 100 | _aHONG, BORA, | ||
| 245 | _aSurvey on general disease on piglet in breastfeed stage at Cambodian pig raser association samroung tong district kompong speu province, ការអង្កេតជំងឺទូទៅលើកូនជ្រូកកំឡុងពេលបៅដោះនៅកសិដ្ឋានសមាគមន៍អ្នកចិញ្ចឹមជ្រូក ស្រុកសំរោងទង ខេត្តកំពង់ស្ពឺ | ||
| 260 |
_aPhnom Penh _bRUA _c2012 |
||
| 300 |
_ax; 45p. _bill. _c29cm. |
||
| 856 | _uhttps://drive.google.com/file/d/1Z8r9CPbKEkC-IuxtfEGldIMHUoxnFFBk/view?usp=sharing | ||
| 942 | _cAVM | ||
| 999 |
_c2643 _d2643 |
||